000 01783nam0a2200433 4500
001 RU\NLR\bibl\578067
005 20250610134854.0
010 _a5-900502-37-6
_bв пер.
021 _aRU
_b2004-30577
_91539
035 _aRSL-KNO-002436931
035 _a(NLR Aleph) 000570087
090 _a1586960
_c1586960
100 _a20040526d2004 |||y0rusy50 ca
101 0 _arus
102 _aRU
105 _aa |||||||||
106 _ar
200 1 _aКнига о вкусной и здоровой воде
_fОлег Дубов
210 _aСПб.
_cРус. двор
_d2004
_eОАО С.-Петерб. тип. № 6
215 _a182, [1] с.
_cил., табл.
_d22
225 1 _aЕжедневная энциклопедия здоровья
300 _aНа обл. авт. не указан
300 _aНа тит. л. и обл.: In aqua veritas. Истина в воде
606 0 _aПитьевая вода
_xВлияние на организм
_92162531
_3RU\NLR\auth\661301346
606 0 _aГидротерапия
_91311566
_3RU\NLR\auth\66227542
606 0 _aПитьевая вода
_91160524
_3RU\NLR\auth\66146634
610 0 _aЗдравоохранение. Медицинские науки -- Гигиена питания -- Рациональное питание -- Вода в питании человека -- Популярные издания
610 0 _aвода в быту
686 _aР123.026я9
_2rubbk
686 _aР123.026
686 _aР354.41
686 _aН761.101
700 1 _aДубов
_bО. В.
_gОлег Владимирович
_4070
801 0 _aRU
_bRuMoRKP
_c20040526
_gPSBO
801 1 _aRU
_bRuMoRGB
_c20040526
801 2 _aRU
_bNLR
_c20041126
_gPSBO
942 _cBOOK
980 _aNB